LEADER 01448nam--2200457---450- 001 990000587860203316 005 20050113112758.0 010 $a88-459-0788-0 035 $a0058786 035 $aUSA010058786 035 $a(ALEPH)000058786USA01 035 $a0058786 100 $a20010727d1990----km-y0itay0103----ba 101 $aita 102 $aIT 105 $a||||||||001yy 200 1 $a<> sorti del guerriero$easpetti della funzione guerriera presso gli indoeuropei$fGeorges Dumézil$gtraduzione di F. Bovoli 210 $aMilano$cAdelphi$d1990 215 $a213 p.$d24 cm 225 2 $aIl ramo d'oro$v17 312 $aHeur et malheur du guerrier 410 $12001$aIl ramo d'oro$v17 454 $12001$aHeur et malheur du guerrier$914180 606 0 $aEroi 606 0 $aMiti indoeuropei 676 $a398.45 700 1$aDUMÉZIL,$bGeorges$0375579 702 1$aBOVOLI,$bF. 801 0$aIT$bsalbc$gISBD 912 $a990000587860203316 951 $aIII.2. 110 (VARIE COLL. 88/17)$b105258 LM$cVARIE COLL. 951 $aIII.2. 110a (VARIE COLL. 88/17 BIS)$b113166 LM$cVARIE COLL. 959 $aBK 969 $aUMA 979 $aPATTY$b90$c20010727$lUSA01$h1259 979 $aPATTY$b90$c20010727$lUSA01$h1300 979 $c20020403$lUSA01$h1708 979 $aPATRY$b90$c20040406$lUSA01$h1641 979 $aCOPAT4$b90$c20050113$lUSA01$h1127 996 $aHeur et malheur du guerrier$914180 997 $aUNISA LEADER 00997nam a2200277 i 4500 001 991000822119707536 005 20020506124758.0 008 970307s1992 us ||| | eng 020 $a0387971092 035 $ab10134396-39ule_inst 035 $aLE00637417$9ExL 040 $aDip.to Fisica$bita 084 $a52.9.5(08) 084 $a523.01 100 1 $aLang, Kenneth R.$051637 245 10$aAstrophysical data :$bplanets and stars /$cKenneth R. Lang 260 $aNew York :$bSpringer-Verlag,$cc1992 300 $ax, 937 p. :$bill. ;$c23 cm. 500 $aIncludes bibliographical references and indexes 650 4$aAstrophysics - Observations - Handbooks, Manuals, etc. 907 $a.b10134396$b21-09-06$c27-06-02 912 $a991000822119707536 945 $aLE006 52.9.5(08) LAN$g1$i2006000027137$lle006$o-$pE0.00$q-$rl$s- $t0$u1$v2$w1$x0$y.i10158236$z27-06-02 996 $aAstrophysical data$9185408 997 $aUNISALENTO 998 $ale006$b01-01-97$cm$da $e-$feng$gus $h0$i1